00700nam a2200229 a 4500001001300000003000900013005001700022008004100039020002300080082001800103100002100121245006400142260003400206300000900240500003500249505001000284650002500294902000800319942000700327952011900334999001700453nice12345678IN_TiNIC20260116013251.0050524s1994 newa grp 000 0 eng  a8170950 c30000a297.0927bGOG aGogoi, Aparajita aArab Nationalismb Birth, Evolution and the Present Dilemma aNew DelhibLancers Bookc1994 a287p aincludes index and biblioraphy2 aIndex aIslam-Arab Countries bSRS cBK 001040708StackRoom-aHMIbHMId2007-07-25g300.00l0o297.0927 GOGp015350r2007-07-25v300.00w2005-05-24yBK c10328d10328